Catálogo
 En Linea

El papel político y social de las fuerzas armadas en América Latina : (Registro nro. 12702)

Detalles MARC
000 -CABECERA
campo de control de longitud fija 01839cam a2200229 a 4500
001 - NÚMERO DE CONTROL
campo de control 000013060
005 - FECHA Y HORA DE LA ÚLTIMA TRANSACCIÓN
campo de control 20200929163129.0
008 - DATOS DE LONGITUD FIJA--INFORMACIÓN GENERAL
campo de control de longitud fija 780531s1970 ve b 001 0 spa
040 ## - FUENTE DE LA CATALOGACIÓN
Centro catalogador/agencia de origen DO-SdBNP
Lengua de catalogación spa
Centro/agencia transcriptor LC
Centro/agencia modificador BNPHU
082 ## - NÚMERO DE LA CLASIFICACIÓN DECIMAL DEWEY
Número de clasificación 355.0098
Número de documento/Ítem P214p
049 ## - FONDOS LOCALES (OCLC)
Fondos de biblioteca BNGR
245 03 - MENCIÓN DE TÍTULO
Título El papel político y social de las fuerzas armadas en América Latina :
Resto del título ensayos /
Mención de responsabilidad, etc. [compilador] Virgilio Rafael Beltran.
260 ## - PUBLICACIÓN, DISTRIBUCIÓN, ETC.
Lugar de publicación, distribución, etc. Caracas :
Nombre del editor, distribuidor, etc. Monte Avila,
Fecha de publicación, distribución, etc. 1970.
300 ## - DESCRIPCIÓN FÍSICA
Extensión 350 p. ;
Dimensiones 20 cm.
490 1# - MENCIÓN DE SERIE
Mención de serie Prisma
505 0# - NOTA DE CONTENIDO CON FORMATO
Nota de contenido con formato Virgilio Rafael Beltran. Algunos problemas de la sociología militar en America Latina -- Virgilio Rafael Beltran. Estrategía, armas y cambio social en América Latina -- Alberto Ciria. Cuatro ejemplos de relaciones entre fuerzas armadas y poder político -- Horacio D. Rodríguez. Qué es un gorila? -- Virgilio Rafael Beltran. Dos revoluciones en naciones nuevas: Argentina 1943, Egipto 1952 -- Mariano C. Grondona. La estructura cívico-militar del nuevo estado argentino -- S. E. Finer. El problema argentino: entre la espada y el estado -- Jose A. Rios. Los militares y el poder en Brasil -- Oliveros S. Ferreira. La geopolítica y el ejército brasileño -- Vicente Barreto. La presencia militarista -- Francois Bourricaud. Perú: el círculo vicioso: o militales o políticos -- Norberto Ceresole. El nacionalismo militar latinoamericano -- Jerry L. Weaver. Las fuerzas armadas guatemaltecas y la política -- Carlos Bañales Guimaraens. Las fuerzas armadas en la crisis uruguaya -- Robert P. Case. El entrenamiento de militares latinoamericanos en los Estados Unidos.
650 #4 - PUNTO DE ACCESO ADICIONAL DE MATERIA--TÉRMINO DE MATERIA
Término de materia o nombre geográfico como elemento de entrada Fuerzas armadas
Subdivisión general América latina
9 (RLIN) 30186
651 #4 - PUNTO DE ACCESO ADICIONAL DE MATERIA--NOMBRE GEOGRÁFICO
Nombre geográfico América Latina
Subdivisión general Política Y Govierno
Subdivisión cronológica 1948-1980.
9 (RLIN) 30187
700 1# - PUNTO DE ACCESO ADICIONAL--NOMBRE DE PERSONA
Nombre de persona Beltran, Virgilio Rafael.
9 (RLIN) 30188
830 #0 - PUNTO DE ACCESO ADICIONAL DE SERIE-TÍTULO UNIFORME
Título uniforme Prisma
9 (RLIN) 3770
910 ## - DATOS DE OPCIÓN DEL USUARIO (OCLC)
Datos de opción del usuario Catalogación por copia / LC
Existencias
Estado de retiro Estado de pérdida Restricciones de uso No para préstamo Código de colección Localización permanente Ubicación/localización actual Ubicación en estantería Fecha de adquisición Número de inventario Total de préstamos Signatura topográfica completa Código de barras Fecha visto por última vez Precio válido a partir de Tipo de ítem Koha
    Préstamo interno   Monografías: Libros y Folletos General General En catalogación 19.11.2009 LF1   355.0098 P214p 13060-10 25.06.2020 25.06.2020 Préstamo interno

Con tecnología Koha